Entrada Encabezamiento temático
Número de registros utilizados en: 22
001 - NÚMERO DE CONTROL
- campo de control: 163
003 - IDENTIFICADOR DEL NÚMERO DE CONTROL
- campo de control: vecauma
005 - FECHA Y HORA DE LA ÚLTIMA TRANSACCIÓN
- campo de control: 20250120165212.0
008 - DATOS DE LONGITUD FIJA
- campo de control de longitud fija: 220328|| aca||aabn | a|a d
040 ## - FUENTE DE LA CATALOGACIÓN
- Centro catalogador/agencia de origen: vecauma
053 ## - Número de clasificación LC
- Número de clasificación–único número o número inicial: HM681
- Categoría temática: Sociología
150 ## - Materia
- Encabezamiento temático: VALORES SOCIALES
450 ## - REFERENCIA DE “VEASE” MATERIA
- Encabezamiento temático: Social values
450 ## - REFERENCIA DE “VEASE” MATERIA
- Encabezamiento temático: Sistema de valores
550 ## - REFERENCIA DE "VEASE ADEMAS" MATERIA
- Encabezamiento temático: ALTRUISMO
550 ## - REFERENCIA DE "VEASE ADEMAS" MATERIA
- Encabezamiento temático: CONTROL SOCIAL
550 ## - REFERENCIA DE "VEASE ADEMAS" MATERIA
- Encabezamiento temático: CULTURA
550 ## - REFERENCIA DE "VEASE ADEMAS" MATERIA
- Encabezamiento temático: ETICA SOCIAL
550 ## - REFERENCIA DE "VEASE ADEMAS" MATERIA
- Encabezamiento temático: IDEOLOGIA
550 ## - REFERENCIA DE "VEASE ADEMAS" MATERIA
- Encabezamiento temático: VALORES (FILOSOFIA)
670 ## - FUENTE EN LA QUE SE LOCALIZARON DATOS
- Cita de la fuente: Lista de Encabezamientos de Materias para Bibliotecas, 1998
- Información localizada: p. 1056 (Valores sociales)
670 ## - FUENTE EN LA QUE SE LOCALIZARON DATOS
- Cita de la fuente: Catálogo de Autoridades de la Biblioteca del Congreso, 2022
- Información localizada: (Social values)
